| 000 | 00549nam a2200181 i 4500 | ||
|---|---|---|---|
| 001 | 89436 | ||
| 003 | ES-MaACL | ||
| 005 | 20230906180156.0 | ||
| 007 | t| | ||
| 008 | 050110s1967 sp ||||1| spa d | ||
| 100 | 1 |
_aLasa, Rolf. _970399 |
|
| 245 | 1 | 4 |
_aLas siete maravillas del amor / _cRolf Lasa, Bruno Waske ; [traducción de R. Galano Piquer]. |
| 260 |
_aBarcelona : _bFerma, _c[1967] |
||
| 300 |
_a159 p., 24 lám. ; _c24 cm. |
||
| 700 | 1 |
_aWaske, Bruno. _9116149 |
|
| 700 | 1 |
_aGalano Piquer, R. _953319 |
|
| 852 |
_aES-MaACL _jC-34020 _bR.65099 |
||
| 999 |
_c89436 _d89436 |
||